000 00952nam a22003137a 4500
001 BR7703445
003 BR-BrBNA
005 20230928085326.0
007 ta
008 230509b bl.||||| |||| 00| 0 por d
040 _aBR-BrBNA
_bpor
_cBiblioteca Nacional de Agricultura
041 _a(Por)
072 _aP12; E15
_b/G514
090 _ P12 BR7703445
100 1 _aRodriguez, F.A.
110 1 _aCompanhia de Desenvolvimento do Vale do Sao Francisco, Brasilia, DF (Brasil)
_92357
245 1 _aPanorama da irrigacao no Brasil
_bSeminario sobre Sub-utilizacao de Sistemas de Irrigacao na Area Tropical da America Latina
260 3 _aBrasilia, DF (Brasil):
_c1977.
300 _a20 p.
500 _a6 ref.
650 _aIrrigacao
650 _aMicroeconomia
650 _aProjeto de desenvolvimento
650 _aCultura irrigada
650 _aInvestimento
650 _aCusto
909 _a202309
_bLucia
_c55
_dLucia Elande
942 _cBK
999 _c23860
_d23860